Normal view
MARC view
- MORGAN, PATRICK ,KORR, KLAUS
Entry Personal Name
001 - CONTROL NUMBER
- control field: 56249
003 - CONTROL NUMBER IDENTIFIER
- control field: NUST
005 - DATE AND TIME OF LATEST TRANSACTION
- control field: 20210628201649.0
008 - FIXED-LENGTH DATA ELEMENTS
- fixed length control field: 210628|| aca||aabn | a|a d
040 ## - CATALOGING SOURCE
- Original cataloging agency: NUST
- Transcribing agency: NUST
100 ## - HEADING--PERSONAL NAME
- Personal name: MORGAN, PATRICK ,KORR, KLAUS
670 ## - SOURCE DATA FOUND
- Source citation: Work cat.: (NUST): MORGAN, PATRICK ,KORR, KLAUS, STRATEGIC MILITARY SURPRISE ,INCENTIVES AND OPPORTUNITIES, 1984
